Kỹ thuật nuôi tôm càng xanh trên ruộng lúa (Macrobrachium rosenbergii)
Sách giới thiệu một số mô hình nuôi thủy sản, kỹ thuật nuôi và một số dấu hiệu để xác định bệnh tôm.
Saved in:
| Format: | Book |
|---|---|
| Language: | Undetermined |
| Published: |
Thành phố Hồ Chí Minh
Nông nghiệp
2003
|
| Subjects: | |
| Tags: |
Add Tag
No Tags, Be the first to tag this record!
|
| Institutions: | Trung tâm Học liệu Trường Đại học Cần Thơ |
|---|
| LEADER | 00757nam a2200181Ia 4500 | ||
|---|---|---|---|
| 001 | CTU_161063 | ||
| 008 | 210402s9999 xx 000 0 und d | ||
| 082 | |a 639.6 | ||
| 082 | |b K600 | ||
| 245 | 0 | |a Kỹ thuật nuôi tôm càng xanh trên ruộng lúa (Macrobrachium rosenbergii) | |
| 245 | 0 | |c Biên soạn: Nguyễn Thanh Phương ... [et al.] | |
| 260 | |a Thành phố Hồ Chí Minh | ||
| 260 | |b Nông nghiệp | ||
| 260 | |c 2003 | ||
| 520 | |a Sách giới thiệu một số mô hình nuôi thủy sản, kỹ thuật nuôi và một số dấu hiệu để xác định bệnh tôm. | ||
| 650 | |a Fish culture,Shrims | ||
| 904 | |i Giang | ||
| 980 | |a Trung tâm Học liệu Trường Đại học Cần Thơ | ||